000
00284nam a22001217a 4500
040
_c
HS
082
_a
338 RIC 1982 C085
100
_a
RICHARD E. JUST
245
_a
Applied welfare economics and public policy
260
_a
USA
_b
RICHARD E. JUST
_c
1982
300
_a
491p;
942
_c
EK
999
_c
11048
_d
11048